Дело об утверждении нового проекта устава 1868 года Общества любителей естествознании, состоящего при Московском университете, о...

Доступно только в Электронных читальных залах Найти на картеНа карте
RUSMARC
00003899nmc2a22000003x 450
001c10cba76-0fc2-4737-8cfe-7cbd3edbc4d9
00520180619140153.0
100##$a20160322l18671871k l0rusy0189 ca
1010#$arus
102##$aRU
2001#$aДело об утверждении нового проекта устава 1868 года Общества любителей естествознании, состоящего при Московском университете, о дозволении этому обществу именоваться императорским и об утверждении рисунка медалей, присуждаемых за ученые труды и пожертвования
$j23 марта 1867 г. - 31 декабря 1871 г.
251##$cДело
300##$aДело
801#0$aRU
$bРГИА
$c20160322
$gRCR
801#1$aRU
$bГлавНИВЦ
$c20160322
$2rusmarc
801#2$aRU
$bПБ им. Б.Н. Ельцина
$c20180619
$gRCR
$2rusmarc
850##$aРГИА
852##$aРГИА
$eФедеральное казенное учреждение "Российский государственный исторический архив" (РГИА)
$j334
937##$hРГИА
$d12193983
$aASBIBLIO_SCAN
462#0$1001bddc07d4-03e3-4f2f-a715-f0b0b4a2fdca
$12001
$aДела по ученым учреждениям Департамента народного просвещения за 1863-1895 гг.
$1251
$cОпись
$1852
$j142
461#0$1001a74412a3-3cc5-4d21-8f0a-dfe2fbd9e72d
$12001
$aДепартамент народного просвещения Министерства народного просвещения (1803-1917)
$1251
$cФонд
$1852
$j733
215##$a62 л.
$d36,5х26 см
371##$aДокумент не является опубликованным и широко распространяемым
105##$ay###
1222#$ad
035##$ac10cba76-0fc2-4737-8cfe-7cbd3edbc4d9
856##$uhttp://readingroom.main.prlib.ru/item.aspx?id_node=n116208025&mode=full
Формат отображения